000 01314nam a2200229Ia 4500
999 _c55754
_d55754
001 22849
003 GE_BSU
005 20230524145146.0
008 181216s ||||ge |||||||||||||| ||geo||
020 _a978-99940-60-30-6
040 _cGE_BSU
041 _ageo
080 _a821.112.2(436)-1 მ-46
245 _aმე-20 საუკუნის ავსტრიული ლირიკა = Osterreichische Lyrik des 20. Jahrhunderts :
_bმასალები ტ. 3 რაინერ მარია რილკე /
_cიდეის ავტ. და ხელმძღვ. დათო ბარბაქაძე ; მრჩეველთა კოლ. : ბ. ადეიშვილი, ნ. გოგოლაშვილი და სხვ. ; მთარგმნ. : გ. ალხაზიშვილი, ჯ. აჯიაშვილი და სხვა.
264 _aთბილისი :
_bსაარი,
_c2007.
300 _a470 გვ. ;
_c 20 სმ.
500 _aლექსები ქართულ და გერმანულ ენებზე
541 _h7 ლ.
653 _aმე-20 საუკუნის ავსტრიული ლირიკა
653 _aტ. 3 რაინერ მარია რილკე
942 _cBK
_2udc